[Event "Karlsruhe Grenke op"]
[Site "Karlsruhe"]
[Date "2024.03.30"]
[Round "4"]
[White "Braun, Vitali"]
[Black "Anton Guijarro, David"]
[Result "0-1"]
[WhiteElo "2344"]
[BlackElo "2671"]
[PlyCount "52"]
[EventDate "2024.03.28"]
[EventType "swiss"]
[EventRounds "9"]
[EventCountry "GER"]
[SourceTitle "CB14_2024"]
[SourceDate "2024.04.01"]
[SourceVersion "1"]
[SourceVersionDate "2024.04.01"]
[SourceQuality "1"]

1. d4 Nf6 2. c4 e6 3. Nc3 Bb4 4. Qc2 d6 5. Nf3 0-0 6. a3 Bxc3+ 7. Qxc3 b6 8. e3 Bb7 9. Be2 Ne4 10. Qc2 f5 11. b4 Rf6 12. Bb2 Rg6 13. Bf1 c5 14. 0-0-0 cxb4 15. axb4 Nc6 16. Ba3 b5 17. d5 exd5 18. Nd4 Nxd4 19. Rxd4 a5 20. f3 axb4 21. Bb2 dxc4 22. fxe4 Bxe4 23. Rxe4 fxe4 24. Bd4 d5 25. Qf2 c3 26. Qf5 Rga6 0-1

[Event "Chessable Masters Play In"]
[Site "Chess.com INT"]
[Date "2024.01.31"]
[Round "6"]
[White "Anton Guijarro, David"]
[Black "Lazavik, Denis"]
[Result "1-0"]
[WhiteElo "2670"]
[BlackElo "2566"]
[PlyCount "131"]
[EventDate "2024.01.31"]
[EventType "swiss (rapid)"]
[EventRounds "9"]
[EventCountry "USA"]
[SourceTitle "CB06_2024"]
[SourceDate "2024.02.07"]
[SourceVersion "1"]
[SourceVersionDate "2024.02.07"]
[SourceQuality "1"]

1. e4 e5 2. Nf3 Nc6 3. Bc4 Bc5 4. c3 Nf6 5. d4 exd4 6. e5 d5 7. Bb5 Ne4 8. cxd4 Bb6 9. Nc3 0-0 10. Be3 Bg4 11. h3 Bh5 12. Qc2 Nxc3 13. bxc3 f6 14. Bxc6 Bxf3 15. gxf3 bxc6 16. f4 Qe7 17. a4 a5 18. Ke2 c5 19. Rab1 cxd4 20. cxd4 Qf7 21. Qf5 Qe8 22. Rb5 fxe5 23. Qxe5 Rd8 24. Qxe8 Rdxe8 25. Rxd5 Rxf4 26. Kd3 Rf3 27. h4 h6 28. Rg1 Re7 29. h5 Kf7 30. Kc4 Rf6 31. Rb1 c6 32. Re5 Bc7 33. Rxe7+ Kxe7 34. d5 cxd5+ 35. Kxd5 Kd7 36. Rg1 Rf5+ 37. Ke4 Re5+ 38. Kd4 Rxh5 39. Rxg7+ Kc8 40. f4 Bb6+ 41. Ke4 Bxe3 42. Kxe3 Rc5 43. Kd4 Rf5 44. Ke4 Rc5 45. f5 Kd8 46. Rh7 Rc4+ 47. Ke5 Rxa4 48. Rxh6 Ra1 49. Ke6 a4 50. f6 Re1+ 51. Kf7 a3 52. Rh8+ Kc7 53. Ra8 Ra1 54. Kf8 a2 55. f7 Kb7 56. Ra3 Kb6 57. Rb3+ Kc7 58. Rb2 Kd7 59. Rg2 Ke6 60. Ke8 Re1 61. Rxa2 Kf6+ 62. Kf8 Rb1 63. Ra6+ Kf5 64. Kg8 Rg1+ 65. Kh7 Rh1+ 66. Rh6 1-0

[Event "Titled Tuesday intern op 23rd Jan Late"]
[Site "Chess.com INT"]
[Date "2024.01.23"]
[Round "8"]
[White "Bluebaum, Matthias"]
[Black "Anton Guijarro, David"]
[Result "0-1"]
[WhiteElo "2655"]
[BlackElo "2670"]
[PlyCount "123"]
[EventDate "2024.01.23"]
[EventType "swiss (blitz)"]
[EventRounds "11"]
[EventCountry "USA"]
[SourceTitle "CB05_2024"]
[SourceDate "2024.01.31"]
[SourceVersion "1"]
[SourceVersionDate "2024.01.31"]
[SourceQuality "1"]

1. d4 d5 2. c4 e6 3. Nc3 Bb4 4. e3 Nf6 5. Bd2 0-0 6. Nf3 a6 7. Rc1 dxc4 8. Bxc4 b5 9. Bd3 Bb7 10. a3 Be7 11. b4 Nbd7 12. e4 c5 13. e5 cxd4 14. Ne2 Ng4 15. Bf4 Bxf3 16. gxf3 Ngxe5 17. Nxd4 Bg5 18. Be3 Bxe3 19. fxe3 Qh4+ 20. Ke2 Rac8 21. Qe1 Qh5 22. Qg3 Nxd3 23. Kxd3 Ne5+ 24. Ke2 Nc4 25. Rhg1 g6 26. Kf2 Rfd8 27. Rgd1 e5 28. Ne2 Nxa3 29. Rxc8 Rxc8 30. Rd5 Nc4 31. h4 Qf5 32. Qg5 Qxg5 33. hxg5 Kg7 34. Ng3 h6 35. gxh6+ Kxh6 36. Rd7 f5 37. Ra7 Rc6 38. Ne2 Nb2 39. Kg3 Nd3 40. f4 exf4+ 41. exf4 Nxb4 42. Nd4 Rd6 43. Nf3 Rd3 44. Kf2 Nd5 45. Ne5 Ra3 46. Nf7+ Kh5 47. Ne5 Nxf4 48. Rg7 Nd3+ 49. Nxd3 Rxd3 50. Rh7+ Kg5 51. Ra7 Ra3 52. Ke2 b4 53. Ra8 Kf4 54. Rd8 a5 55. Rd4+ Kg5 56. Rd8 f4 57. Kf2 Kg4 58. Rd1 Ra2+ 59. Kf1 b3 60. Rd5 b2 61. Rd1 Ra1 62. Kf2 0-1

[Event "Titled Tuesday intern op 23rd Jan Late"]
[Site "Chess.com INT"]
[Date "2024.01.23"]
[Round "9"]
[White "Deac, Bogdan Daniel"]
[Black "Anton Guijarro, David"]
[Result "1/2-1/2"]
[WhiteElo "2690"]
[BlackElo "2670"]
[PlyCount "207"]
[EventDate "2024.01.23"]
[EventType "swiss (blitz)"]
[EventRounds "11"]
[EventCountry "USA"]
[SourceTitle "CB05_2024"]
[SourceDate "2024.01.31"]
[SourceVersion "1"]
[SourceVersionDate "2024.01.31"]
[SourceQuality "1"]

1. d4 d5 2. Nf3 e6 3. c4 c6 4. Nbd2 Nf6 5. g3 Be7 6. Bg2 0-0 7. Qc2 b6 8. e4 Na6 9. e5 Nd7 10. a3 Bb7 11. cxd5 cxd5 12. 0-0 Qc7 13. Qd3 Rac8 14. Re1 Nab8 15. Qe3 Ba6 16. Nb1 Nc6 17. b4 Bc4 18. Nbd2 b5 19. Nxc4 bxc4 20. Bd2 Rb8 21. Rab1 a6 22. h4 Nb6 23. h5 h6 24. Qc3 Na7 25. Qc2 Qd7 26. Bf1 Qa4 27. Qxa4 Nxa4 28. Be2 Nb5 29. Ra1 Rfc8 30. Bd1 Nb2 31. Bc2 Bd8 32. Bc1 Nd3 33. Bxd3 cxd3 34. Rd1 Rc3 35. a4 Na7 36. Bd2 Rc4 37. Rab1 Nc6 38. Be3 Rbxb4 39. Rxb4 Nxb4 40. Bd2 Nc6 41. Be3 Rxa4 42. Rxd3 a5 43. Rc3 Rc4 44. Rb3 Rb4 45. Ra3 a4 46. Kg2 Kf8 47. Rc3 Rc4 48. Ra3 Be7 49. Ra1 a3 50. Nd2 Ra4 51. Rc1 Ra6 52. Nb3 Ke8 53. Bd2 a2 54. Bc3 Ra3 55. Na1 Bb4 56. Bb2 Ra6 57. Kf3 Kd7 58. Rc2 Ba3 59. Bc3 Be7 60. Ke2 Bd8 61. Kd2 Bb6 62. Kd3 Ra4 63. Bd2 Nxd4 64. Rb2 Bc5 65. Be3 Nc6 66. Bxc5 Nxe5+ 67. Ke2 Nc4 68. Rc2 e5 69. Bf8 Ke6 70. Bxg7 f6 71. f3 f5 72. Bxh6 Ra8 73. Bc1 Kf6 74. h6 Kg6 75. Rc3 Rb8 76. Rb3 Ra8 77. Rb5 d4 78. Rc5 Na3 79. Rc6+ Kh7 80. Rc7+ Kg6 81. Rg7+ Kf6 82. Bg5+ Ke6 83. h7 Rh8 84. g4 Nb1 85. Ra7 Nc3+ 86. Kd3 e4+ 87. fxe4 fxe4+ 88. Kc4 e3 89. Kd3 e2 90. Bd2 Kf6 91. g5+ Kg6 92. Ra6+ Kxh7 93. Kxd4 Nb5+ 94. Ke3 Re8+ 95. Kf2 Nd4 96. Rxa2 Nb3 97. Be1 Nc5 98. Rd2 Ne4+ 99. Kxe2 Nxd2+ 100. Kxd2 Kg6 101. Bf2 Kxg5 102. Nc2 Rd8+ 103. Bd4 Rxd4+ 104. Nxd4 1/2-1/2